书目信息 |
| 题名: |
销售就是会谈判
|
|
| 作者: | 陈兴华 著 | |
| 分册: | ||
| 出版信息: | 贵阳 贵州人民出版社 2019.10 |
|
| 页数: | 244页 | |
| 开本: | 21cm | |
| 丛书名: | ||
| 单 册: | ||
| 中图分类: | F713.3 , F715.4 | |
| 科图分类: | ||
| 主题词: | 销售--xiao shou--商务谈判--基本知识 | |
| 电子资源: | ||
| ISBN: | 978-7-221-15524-5 | |
| 000 | 01271nam0 2200277 450 | |
| 001 | CAL 0120192896820 | |
| 005 | 20230217093113.0 | |
| 010 | @a978-7-221-15524-5@dCNY42.00 | |
| 100 | @a20191118d2019 em y0chiy0120 ea | |
| 101 | 0 | @achi |
| 102 | @aCN@b520000 | |
| 105 | @ay z 000yy | |
| 106 | @ar | |
| 200 | 1 | @a销售就是会谈判@Axiao shou jiu shi hui tan pan@d= Negotiation skills for salesmen@e让你迅速成交的谈判技巧@f陈兴华著@zeng |
| 210 | @a贵阳@c贵州人民出版社@d2019.10 | |
| 215 | @a244页@d21cm | |
| 314 | @a陈兴华, 资深销售谈判专家。 | |
| 330 | @a这是一本关于如何提高销售谈判能力的图书。很多销售人员非常的辛苦, 尽管付出了很多努力, 打了很多电话, 不断地上门拜访, 却难以得到理想的销售效果。很大原因是由于很多人在销售中不会谈判和沟通。本书全面分析了很多销售中的谈判和沟通方法, 指出了销售中常见的问题。作者总结出了销售中的谈判方法, 让很多总是做无用功的销售人员能够学习到提高销售成交率的真髓, 成为优秀的销售人员。 | |
| 510 | 1 | @aNegotiation skills for salesmen@zeng |
| 517 | 1 | @a让你迅速成交的谈判技巧@Arang ni xun su cheng jiao de tan pan ji qiao |
| 606 | 0 | @a销售@Axiao shou@x商务谈判@x基本知识 |
| 690 | @aF713.3@v5 | |
| 690 | @aF715.4@v5 | |
| 701 | 0 | @a陈兴华@Achen xing hua@4著 |
| 801 | 0 | @aCN@bBJXHZP@c20230228 |
| 905 | @b1402406-9@dF713.3@e1361@f4 | |
| 销售就是会谈判= Negotiation skills for salesmen:让你迅速成交的谈判技巧/陈兴华著.-贵阳:贵州人民出版社,2019.10 |
| 244页;21cm |
| ISBN 978-7-221-15524-5:CNY42.00 |
| 这是一本关于如何提高销售谈判能力的图书。很多销售人员非常的辛苦, 尽管付出了很多努力, 打了很多电话, 不断地上门拜访, 却难以得到理想的销售效果。很大原因是由于很多人在销售中不会谈判和沟通。本书全面分析了很多销售中的谈判和沟通方法, 指出了销售中常见的问题。作者总结出了销售中的谈判方法, 让很多总是做无用功的销售人员能够学习到提高销售成交率的真髓, 成为优秀的销售人员。 |
| ● |
| 相关链接 |
|
|
|
|
正题名:销售就是会谈判
索取号:F713.3/1361
 
预约/预借
| 序号 | 登录号 | 条形码 | 馆藏地/架位号 | 状态 | 备注 |
| 1 | 1402406 | 214024063 | 第一样本阅览室/ [索取号:F713.3/1361] | 在馆 | |
| 2 | 1402407 | 214024072 | 第一借阅区/ [索取号:F713.3/1361] | 在馆 | |
| 3 | 1402408 | 214024081 | 第一借阅区/ [索取号:F713.3/1361] | 在馆 | |
| 4 | 1402409 | 214024090 | 第一借阅区/ [索取号:F713.3/1361] | 在馆 |